| 000 | 00805nam a22002297a 4500 | ||
|---|---|---|---|
| 003 | NALT | ||
| 005 | 20240130100424.0 | ||
| 008 | s2014 eng d | ||
| 020 | _a9786165518611 | ||
| 040 | _aNALT | ||
| 041 | _aeng | ||
| 050 |
_aBQ 5630.V5 _bO53S 2014 |
||
| 100 | 0 |
_aOng, Patrick _932707 |
|
| 245 | 1 | 4 |
_aThe supreme patriarch and his walking stick : _bthe meditation legacy of Suk Kaithuean and its implications for Theravada Buddhism in Thailand / _cPatrick Ong. |
| 260 |
_aBangkok : _bInstitute of Asian Studies, Chulalongkorn University, _c2014. |
||
| 300 |
_a231 p. : _bill. ; _c25 cm. |
||
| 600 | 1 | 4 |
_932708 _aSomdet Phrayanasangwon (Suk), _d1733-1822 |
| 650 | 0 |
_aVipasyana (Buddhism) _917865 |
|
| 650 | 0 |
_aMeditation _917866 _xBuddhism |
|
| 850 | _aNALT | ||
| 942 |
_cGB _2lcc |
||
| 999 |
_c72851 _d72851 |
||
| 998 |
_j104 _k นางสาวสายฝน ดีงาม |
||